000
00352nam a2200169Ia 4500
100
_a
Verma/Shalini
650
_a
Communication Skill
942
_c
BK
366
_f
15
654
_a
word power
245
_a
Word power made handy
260
_b
S.Chand and Co.
_c
2007
082
_a
371.2
_b
VER
300
_a
392
546
_a
ENGLISH
999
_c
30768
_d
30768